| Tag |
First Indicator |
Second Indicator |
Subfields |
| LEADER |
00000cam a2200000 4500 |
| 001 |
in00000048802 |
| 005 |
20151007075652.0 |
| 008 |
720823s1939 nyuaf b 00010 eng u |
| 010 |
|
|
|a 39027388
|
| 035 |
|
|
|a (OCoLC)00387451
|
| 035 |
|
|
|9 AAF3627AM
|
| 040 |
|
|
|c KSU
|d OCL
|d TXA
|d UtOrBLW
|
| 049 |
|
|
|a TXAM
|c [133170]
|
| 050 |
|
0 |
|a SF447
|b .M45
|
| 092 |
|
|
|a 636.8
|b M525p
|
| 100 |
1 |
|
|a Mellen, Ida M.,
|d 1877-
|
| 245 |
1 |
2 |
|a A practical cat book for amateurs and professionals /
|c by Ida M. Mellen.
|
| 264 |
|
1 |
|a New York :
|b C. Scribner's sons;
|a London :
|b C. Scribner's sons, ltd.,
|c 1939.
|
| 300 |
|
|
|a xviii, 230 pages :
|b frontispiece, 1 illustration, plates. ;
|c 21 cm.
|
| 336 |
|
|
|a text
|b txt
|2 rdacontent
|
| 337 |
|
|
|a unmediated
|b n
|2 rdamedia
|
| 338 |
|
|
|a volume
|b nc
|2 rdacarrier
|
| 504 |
|
|
|a "Selected bibliography": pages 212-218.
|
| 650 |
|
0 |
|a Cats.
|
| 999 |
|
|
|a MARS
|
| 999 |
f |
f |
|s f30b52f0-ac1b-3cda-b864-eecc3bf1e1b6
|i 2b026a4a-cd05-3b49-842b-1efca096ef56
|t 0
|
| 952 |
f |
f |
|p ric
|a Texas A&M University
|b Rellis Campus
|c Joint Library Facility
|d Remote Storage
|t 0
|e SF447 .M45
|h Library of Congress classification
|i unmediated -- volume
|m A14832250997
|
| 998 |
f |
f |
|a SF447 .M45
|t 0
|l Remote Storage
|